पृथ्वीराजरासो / (Record no. 1069181)

MARC details
000 -LEADER
fixed length control field 01013nam a2200301 a 4500
001 - CONTROL NUMBER
control field vtls001617295
003 - CONTROL NUMBER IDENTIFIER
control field NLI
005 - DATE AND TIME OF LATEST TRANSACTION
control field 20210628133921.0
008 - FIXED-LENGTH DATA ELEMENTS--GENERAL INFORMATION
fixed length control field 121214s1910 ii 000 p hin
039 #9 - LEVEL OF BIBLIOGRAPHIC CONTROL AND CODING DETAIL [OBSOLETE]
-- 201212141923
-- VLOAD
040 ## - CATALOGING SOURCE
Original cataloging agency NLI
Language of cataloging hineng
Transcribing agency Datasoft_Hindi
Description conventions AACR2
041 0# - LANGUAGE CODE
Language code of text/sound track or separate title hin
044 ## - COUNTRY OF PUBLISHING/PRODUCING ENTITY CODE
MARC country code ii
084 04 - OTHER CLASSIFICATION NUMBER
Classification number 181
100 1# - MAIN ENTRY--PERSONAL NAME
Linkage 880-01
Personal name बरदाई, चंद
245 10 - TITLE STATEMENT
Linkage 880-02
Title पृथ्वीराजरासो /
Statement of responsibility, etc. चंद बरदाई
260 ## - PUBLICATION, DISTRIBUTION, ETC.
Place of publication, distribution, etc. बनारस :
Name of publisher, distributor, etc. नगरी प्रचारणी सभा,
Date of publication, distribution, etc. 1910
300 ## - PHYSICAL DESCRIPTION
Extent 383 p. ;
Dimensions 22 cm.
650 #0 - SUBJECT ADDED ENTRY--TOPICAL TERM
Topical term or geographic name entry element Hindi Poetry
9 (RLIN) 688257
880 1# - ALTERNATE GRAPHIC REPRESENTATION
Linkage 100-01(B
a Baradāī, Canda
880 10 - ALTERNATE GRAPHIC REPRESENTATION
Linkage 245-02(B
a Pṛthvīrājarāso /
c Canda Baradāī
887 ## - NON-MARC INFORMATION FIELD
Content of non-MARC field Afroz 25.04.12(Abrar Ahmad 23.04.12)
901 ## - LOCAL DATA ELEMENT A, LDA (RLIN)
a IMP1121
b 13.04.2012
902 ## - LOCAL DATA ELEMENT B, LDB (RLIN)
a 181 Pb 90.6
904 ## - LOCAL DATA ELEMENT D, LDD (RLIN)
c Afroz 25.04.12(Abrar Ahmad 23.04.12)
l O 3991
949 ## - LOCAL PROCESSING INFORMATION (OCLC)
-- VIRTUAITEM
-- 10000
-- 100
6 IMP000001121HIN
942 ## - ADDED ENTRY ELEMENTS (KOHA)
Source of classification or shelving scheme Dewey Decimal Classification
Koha item type Books
Holdings
Withdrawn status Lost status Damaged status Not for loan Home library Current library Date acquired Total Checkouts Full call number Barcode Date last seen Price effective from Koha item type
        National Library of India National Library of India     181 Pb 90.6 IMP000001121HIN 28/06/2021 28/06/2021 Books
                                                                           
web counter

Copyright ©2020 The National Library of India, Govt. of India ↔ Hosted by NVLI, MOC ↔ Technology and Design by National Library of India, Ministry of Culture, Govt. of India